000 00511nmm a2200169Ia 4500
008 251105s9999||||xx |||||||||||||||||und||
020 _a9788433917737
041 _aspa
100 _aTomeo, Javier
245 0 _aLa ciudad de las palomas
264 _a[Madrid, España] :
_bEditorial Anagrama,
_c[Fecha de publicación no identificada]
300 _a0 páginas
490 _aNarrativas hispánicas
650 _aSpanish narrative
856 _uhttps://public.digitaliapublishing.com/a/117520
942 _cCF
999 _c81723
_d81723